Statistics for Premier League Managers 2019/20 Season

Click here to take the quiz!

General Stats

  • This quiz has been taken 17 times
  • The average score is 15 of 20

Answer Stats

TeamNationManager% Correct
ChelseaEnglandFrank Lampard
100%
Tottenham HotspurPortugalJosé Mourinho
100%
LiverpoolGermanyJürgen Klopp
100%
Manchester CitySpainPep Guardiola
100%
EvertonItalyCarlo Ancelotti
93%
ArsenalSpainMikel Arteta
93%
Leicester CityNorthern IrelandBrendan Rodgers
87%
BournemouthEnglandEddie Howe
87%
West Ham UnitedScotlandDavid Moyes
80%
WolvesPortugalNuno Espírito Santo
80%
Manchester UnitedNorwayOle Gunnar Solskjær
80%
Crystal PalaceEnglandRoy Hodgson
73%
BurnleyEnglandSean Dyche
67%
Newcastle UnitedEnglandSteve Bruce
60%
Aston VillaEnglandDean Smith
53%
BrightonEnglandGraham Potter
53%
Norwich CityGermanyDaniel Farke
47%
Sheffield UnitedEnglandChris Wilder
40%
WatfordEnglandNigel Pearson
40%
SouthamptonAustriaRalph Hasenhüttl
40%

Score Distribution

Percentile by Number Answered

Percent of People with Each Score

Your Score History

You have not taken this quiz